000 00735nam a2200241 a 4500
008
020 _a0415096111 (pbk.)
049 _aMAIN
090 0 0 _aHF1379
100 1 _aDunning, John H.
245 1 4 _aThe globalization of business :
_bthe challenge of the 1990s /
_cJohn H. Dunning.
260 _aLondon :
_bRoutledge,
_c1993.
300 _axii, 467 p. ;
_c22 cm.
504 _aIncludes bibliographical references: p. 404-458.
500 _aIncludes index.
650 0 _aInternational business enterprises.
650 0 _aInvestments, Foreign.
907 _a.b10084101
_b23-07-03
_c22-07-03
003
005 20230123133350.0
040 _cNUST
942 _cBOOKS
_kHF1379
999 _c147319
_d147319